• 首页
  • 本馆介绍
  • 公告通知
  • 最新文献
  • 馆藏检索
  • 电子资源
  • 读者荐购
  • 参考咨询
  • CALIS
  • 我的图书馆
  • 登录
  • 详细信息显示
  • 放入我的书架
  • 预约/预借图书
  • 作者相关作品
  • 分类相关作品
  • 丛书相关作品
  • 出版社相关作品

书目信息

  • 表格格式
  • 工作单格式
  • 卡片格式
题名:
简单的家
    
 
作者: 贝利 , 贝利 著 ;雯子 译
分册:  
出版信息: 北京   新星出版社  2020.09
页数: 154页
开本: 24cm
丛书名:
单 册:
中图分类: TU241.02-64
科图分类:
主题词: 住宅--zhu zhai--室内装饰设计--图集
电子资源:
ISBN: 978-7-5133-4096-0
 
 
 
 
 
000 01053nam0 2200265 450
001 202021193778
005 20211025120141.0
010    @a978-7-5133-4096-0@b精装@dCNY108.00
100    @a20211002d2020 em y0chiy50 ea
101 1  @achi@ceng
102    @aCN@b110000
105    @aa z 000yy
106    @ar
200 1  @a简单的家@Ajian dan de jia@d= Simple home calm spaces for comfortable living@f(英) 马克·贝利, 莎莉·贝利著@g雯子译@zeng
210    @a北京@c新星出版社@d2020.09
215    @a154页@c彩图@d24cm
330    @a本书内容包括: 引言 ; 哲学 ; 颜色 ; 材质 ; 安宁 ; 手工艺 ; 回收利用 ; 舒适 ; 自然清洁 ; 家具 ; 私人博物馆 ; 空间 ; 玄关与走廊 ; 厨房与餐厅 ; 起居室 ; 卧室 ; 浴室 ; 工作间。
500 10 @aSimple home calm spaces for comfortable living@mChinese
606 0  @a住宅@Azhu zhai@x室内装饰设计@j图集
690    @aTU241.02-64@v5
701  1 @a贝利@Abei li@g(Bailey, Mark)@4著
701  1 @a贝利@Abei li@g(Bailey, Sally)@4著
702  0 @a雯子@Awen zi@4译
801  0 @aCN@c20210909
905    @a河南城建学院图书馆@dTU241.02-64@eB687
    
    简单的家= Simple home calm spaces for comfortable living/(英) 马克·贝利, 莎莉·贝利著/雯子译.-北京:新星出版社,2020.09
    154页:彩图;24cm
    
    
    ISBN 978-7-5133-4096-0(精装):CNY108.00
    本书内容包括: 引言 ; 哲学 ; 颜色 ; 材质 ; 安宁 ; 手工艺 ; 回收利用 ; 舒适 ; 自然清洁 ; 家具 ; 私人博物馆 ; 空间 ; 玄关与走廊 ; 厨房与餐厅 ; 起居室 ; 卧室 ; 浴室 ; 工作间。
●
相关链接 在E读中查询图书 在当当中查询图书 在豆瓣中查询图书


正题名:简单的家     索取号:TU241.02-64/B687         预约/预借

序号 登录号 条形码 馆藏地/架位号 状态 备注
1 1542953   215429533   建筑库101/101建筑库 63排5列3层/ [索取号:TU241.02-64/B687] 在馆    
河南城建学院图书馆 欢迎您!
大连网信软件有限公司© 版权所有